Josep Carner / (Record no. 175941)

MARC details
000 -LEADER
campo de control de longitud fija 00649nam a22002175i 4500
001 - NÚMERO DE CONTROL
campo de control 175941
003 - IDENTIFICADOR DE NÚMERO DE CONTROL
campo de control ES-MaACL
005 - FECHA Y HORA DE LA ÚLTIMA TRANSACCIÓN
campo de control 20230906215941.0
008 - DATOS DE LONGITUD FIJA--INFORMACIÓN GENERAL
campo de control de longitud fija 101201s1964 sp o |||| | cat d
080 ## - NÚMERO DE LA CLASIFICACIÓN DECIMAL UNIVERSAL
Número de la Clasificación Decimal Universal 929 Carner, Josep
100 1# - ENTRADA PRINCIPAL--NOMBRE DE PERSONA
Nombre de persona Calders, Pere.
9 (RLIN) 33636
245 10 - MENCIÓN DEL TÍTULO
Título Josep Carner /
Mención de responsabilidad, etc. Pere Calders.
260 ## - PUBLICACIÓN, DISTRIBUCIÓN, ETC.
Lugar de publicación, distribución, etc. [Barcelona] :
Nombre del editor, distribuidor, etc. Alcides,
Fecha de publicación, distribución, etc. D. L. 1964.
300 ## - DESCRIPCIÓN FÍSICA
Extensión 80 p. :
Otras características físicas fot. bl. y n. ;
Dimensiones 17 cm.
490 1# - MENCIÓN DE SERIE
Mención de serie Biografies populars ;
Designación de volumen o secuencia 15
546 ## - NOTA DE IDIOMA
Nota de lengua/lenguaje Texto en catalán.
600 14 - PUNTO DE ACCESO ADICIONAL DE MATERIA--NOMBRE DE PERSONA
Nombre de persona Carner, Josep.
9 (RLIN) 35366
830 0# - PUNTO DE ACCESO ADICIONAL DE SERIE-TÍTULO UNIFORME
Título uniforme Biografies populars ;
Designación de volumen o secuencia 15
9 (RLIN) 189851
852 ## - LOCALIZACIÓN
Ubicación ES-MaACL
Número de control de estantería 2267-F-10
Encuadernación Olim P-81-bis
Holdings
Estatus retirado Estado de pérdida Estado de daño No para préstamo Colección Biblioteca de origen Biblioteca actual Ubicación en estantería Fecha de adquisición Fuente de adquisición Total de préstamos Signatura topográfica completa Código de barras Visto por última vez Precio de reemplazo Tipo de ítem Koha
        Colección de folletos Biblioteca del Ateneo de Madrid Biblioteca del Ateneo de Madrid Depósito folletos 01/12/2010     2267-F10 1184759 23/02/2023 23/02/2023 Folleto